000 00396nam a22001457a 4500
020 _qPB.
040 _cFIZZA ISHAQ
082 _a658.022
_bBYR
100 _aMEGGINSON,BYRD.
_9133609
245 _aSMALL BUSINESS MANAGEMENT AN ENTREPRENEUR'S GUIDEBOOK /
_cBYRD MEGGINSON.
250 _a6TH ED.
260 _aNEW YORK ;
_bMC GRAW HILL,
_c2009.
300 _a522 P. ;
_c9.9X7.9IN
942 _2ddc
_cBK
999 _c616564
_d616564